[Event "NOR-ch U16-B"]
[Site "Oslo"]
[Date "2015.07.10"]
[Round "8"]
[White "Merzliakov, Vladimir"]
[Black "Dahl, Havar"]
[Result "1-0"]
[WhiteElo "1156"]
[BlackElo "1141"]
[PlyCount "61"]
[EventDate "2015.07.04"]
[EventType "swiss"]
[EventRounds "9"]
[EventCountry "NOR"]
[SourceTitle "EXT 2017"]
[Source "ChessBase"]
[SourceDate "2016.10.25"]
[SourceVersion "1"]
[SourceVersionDate "2016.10.25"]
[SourceQuality "1"]

1. d4 g6 2. c4 Bg7 3. Nf3 c5 4. d5 d6 5. Nc3 Bxc3+ 6. bxc3 Qa5 7. Qb3 Nf6 8. e3 0-0 9. Bd3 e5 10. dxe6 Bxe6 11. Bb2 Qc7 12. 0-0-0 Nc6 13. Qc2 Na5 14. Qe2 Nc6 15. Ng5 Bd7 16. f4 Bg4 17. Nf3 a5 18. a4 Ne7 19. h3 Bf5 20. g4 Bxd3 21. Qxd3 Rfd8 22. f5 d5 23. fxg6 fxg6 24. cxd5 Rxd5 25. Qc4 Kh8 26. e4 Qf4+ 27. Nd2 Nxe4 28. Rhf1 Qe3 29. Qxe4 Qxe4 30. c4+ Kg8 31. Nxe4 1-0

[Event "Alta Autumn"]
[Site "Alta"]
[Date "2013.10.23"]
[Round "7"]
[White "Rist, Karl Johan"]
[Black "Merzliakov, Vladimir"]
[Result "1-0"]
[WhiteElo "1326"]
[BlackElo "765"]
[PlyCount "27"]
[EventDate "2013.09.04"]
[EventType "swiss"]
[EventRounds "10"]
[EventCountry "NOR"]
[SourceTitle "EXT 2024"]
[Source "ChessBase"]
[SourceDate "2023.10.10"]
[SourceVersion "1"]
[SourceVersionDate "2023.10.10"]
[SourceQuality "1"]

1. e4 e5 2. f4 d6 3. Nc3 b6 4. Nf3 Nc6 5. Bb5 Bd7 6. Bxc6 Bxc6 7. fxe5 f6 8. exd6 Bxd6 9. d4 Ne7 10. 0-0 0-0 11. Qe2 Re8 12. Be3 a5 13. a3 f5 14. e5 1-0

[Event "NOR-ch U12"]
[Site "Lillehammer"]
[Date "2013.06.29"]
[Round "1"]
[White "Garcia, Megan Alyssa"]
[Black "Merzliakov, Vladimir"]
[Result "0-1"]
[WhiteElo "1300"]
[BlackElo "668"]
[PlyCount "86"]
[EventDate "2013.06.29"]
[EventType "swiss"]
[EventRounds "9"]
[EventCountry "NOR"]
[SourceTitle "EXT 2017"]
[Source "ChessBase"]
[SourceDate "2016.10.25"]
[SourceVersion "1"]
[SourceVersionDate "2016.10.25"]
[SourceQuality "1"]

1. e4 e5 2. f4 d6 3. Nf3 Nc6 4. Bb5 Bd7 5. Nc3 Nf6 6. d3 Bg4 7. 0-0 a6 8. Ba4 b5 9. Bb3 Nd4 10. Kh1 Nxf3 11. Rxf3 Bxf3 12. Qxf3 Be7 13. f5 c6 14. Be3 b4 15. Ne2 0-0 16. Rf1 d5 17. exd5 cxd5 18. Qg3 Qd6 19. Bg5 h6 20. Bh4 Nh5 21. Qg4 Nf6 22. Bxf6 Bxf6 23. Ng3 Bg5 24. Nh5 a5 25. c4 a4 26. Bc2 dxc4 27. Qxc4 Rac8 28. Qg4 Rxc2 29. f6 Bxf6 30. Nxf6+ Qxf6 31. Rg1 Rfc8 32. h3 Rc1 33. Qxb4 Qf2 34. Rxc1 Rxc1+ 35. Kh2 Rg1 36. Qb7 Rf1 37. Qa8+ Kh7 38. Qe4+ g6 39. Qxe5 Qg1+ 40. Kg3 Re1 41. Qf6 Re3+ 42. Kh4 g5+ 43. Kh5 Qd1+ 0-1